Decir casi lo mismo

Guardat en:
Dades bibliogràfiques
Autor principal: Eco, Umberto (Autor)
Format: Llibre
Idioma:espanyol
Publicat: Barcelona Lumen 2008
Edició:1a. ed
Col·lecció:Biblioteca
Matèries:
Etiquetes: Afegir etiqueta
Sense etiquetes, Sigues el primer a etiquetar aquest registre!

MARC

LEADER 00000nam a2200000 a 4500
001 UCI9004
003 CL-VaPUC
008 081016e20080500SP |||||||||||||||||spa|d
020 |a 9788426415752 
082 0 4 |a 418  |b ECO  |2 21 
100 0 |a Eco, Umberto  |e author  |9 532672 
245 1 0 |a Decir casi lo mismo 
250 |a 1a. ed 
300 |a 537 p 
942 |c BK 
945 |d 20081016 00:00:00  |a jtorresc 
260 |a Barcelona  |b Lumen  |c 2008 
650 0 |a Lingüística aplicada   |9 313266 
650 0 |a Traducción e interpretación  |9 315998 
583 |a last modification  |c 20081016 00:00:00  |k Rodrigo Vera 
490 0 |a Biblioteca 
999 |c 331713  |d 331711 
952 |0 0  |1 0  |4 0  |6 418_000000000000000_ECO_2008  |7 0  |8 A  |9 418742  |a BIBCUR  |b BIBCUR  |d 2019-11-22  |i 4489187  |o 418 ECO 2008  |p 4489187  |r 2025-04-22  |w 2019-11-22  |y BK  |k BCB